| 000 | 00972cam a2200301 a 4500 | ||
|---|---|---|---|
| 001 | 32413 | ||
| 003 | BD-RjUL | ||
| 005 | 20211209051831.0 | ||
| 008 | 140426t2009 ii b 001 0deng d | ||
| 020 | _a108130911167 | ||
| 020 | _a139788130911168 | ||
| 035 | _a(BD-RjUL)32502 | ||
| 040 |
_aUKM _beng _cUKM _dBWKUK _dDLC _dBD-RjUL |
||
| 041 | _aeng | ||
| 082 | 0 | 4 |
_a297.092 _222 _bATS 2009 |
| 100 | 1 |
_aAtwan, Abdel Bari. _998614 |
|
| 245 | 1 | 4 |
_aThe secret history of al-Qa'ida / _cAbdel Bari Atwan. |
| 260 |
_aDelhi : _bVIva Books, _c2009. |
||
| 300 |
_a256 p. ; _c22 cm. |
||
| 500 |
_aFormerly CIP. _5Uk |
||
| 504 | _aIncludes bibliographical references and index. | ||
| 600 | 1 | 0 |
_aBin Laden, Osama, _d1957-2011. _9178170 |
| 610 | 2 | 0 |
_aQaida (Organization) _9178171 |
| 650 | 0 |
_aTerrorism _xReligious aspects _xIslam. _998617 |
|
| 856 | 4 | 1 |
_3Table of contents _uhttp://www.loc.gov/catdir/toc/fy0607/2006386836.html |
| 942 |
_2ddc _cBK |
||
| 999 |
_c32413 _d32413 |
||